01392nab a22002177a 4500003000400000005001700004008004100021040000700062100002100069245013300090260007300223300001500296500004300311505048000354505009000834650002900924650002200953650002700975650003201002773014001034OSt20250909104638.0190604e xxu||||| |||| 00| 0 spa d cPJ aPedraza, Marco 13aAtribución del uso de la vivienda familiar :bluces, sombras e interrogantes de una regulación perfectible /cMarco Pedraza. aCiudad Autónoma de Buenos Aires :bThomson Reuters La Ley, c2025. ap. 137-157 aCita Online: TR LALEY AR/DOC/37/2025.  aSumario: I. Palabras introductorias.— II. Un necesario punto de partida: la atribución del uso de la vivienda familiar como efecto del divorcio o del cese de la unión convivencial. Concepto y ubicación metodológica.— III. La atribución del uso de la vivienda familiar como efecto del divorcio.— IV. La atribución del uso de la vivienda como efecto del cese de la unión convivencial: una protección rígida, endeble y precaria.— V. Palabras finales.  t¿Te interesa el texto completo? Solicitalo al correo: koha@justierradelfuego.gov.ar  0aCODIGO CIVIL Y COMERCIAL 0aVIVIENDA FAMILIAR 0aUNIONES CONVIVENCIALES 0aATRIBUCIÓN DE LA VIVIENDA0 02714dCiudad Autónoma de Buenos Aires : Thomson Reuters La Ley, 2014-tRevista anales de legislación argentina. Nº 4 - Abril 2025.